London 2012 (Record no. 114717)

MARC details
000 -LEADER
fixed length control field 01231cad a22002535a 4500
001 - CONTROL NUMBER
control field L157312
008 - FIXED-LENGTH DATA ELEMENTS--GENERAL INFORMATION
fixed length control field 121016s2012 xxk 000 0 eng d
035 ## - SYSTEM CONTROL NUMBER
System control number (Sirsi) u157312
041 0# - LANGUAGE CODE
Language code of text/sound track or separate title eng
110 2# - MAIN ENTRY--CORPORATE NAME
Corporate name or jurisdiction name as entry element Great Britain
Subordinate unit Health and Safety Executive
245 00 - TITLE STATEMENT
Title London 2012
Remainder of title The Construction (Design and Management) Regulations 2007
-- Dutyholder roles and impact
Medium [electronic resource]
260 ## - PUBLICATION, DISTRIBUTION, ETC.
Place of publication, distribution, etc. London
Name of publisher, distributor, etc. HSE
Date of publication, distribution, etc. 2012
490 #0 - SERIES STATEMENT
Series statement HSE Research Report
Volume/sequential designation RR941
520 ## - SUMMARY, ETC.
Summary, etc. Frontline Consultants was commissioned by the Olympic Delivery Authority (ODA) and funded by the Health and Safety Executive (HSE) and the Institution of Civil Engineers (ICE) to review duty holder roles and their implementation of the Construction (Design and Management) Regulations 2007 (CDM 2007) in the construction of London 2012.
590 ## - LOCAL NOTE (RLIN)
Local note KA NTK
651 #4 - SUBJECT ADDED ENTRY--GEOGRAPHIC NAME
Geographic name Great Britain
Chronological subdivision 1707-
690 ## - LOCAL SUBJECT ADDED ENTRY--TOPICAL TERM (OCLC, RLIN)
Topical term or geographic name as entry element Construction management
9 (RLIN) 6230
690 ## - LOCAL SUBJECT ADDED ENTRY--TOPICAL TERM (OCLC, RLIN)
Topical term or geographic name as entry element Project management
9 (RLIN) 6261
690 ## - LOCAL SUBJECT ADDED ENTRY--TOPICAL TERM (OCLC, RLIN)
Topical term or geographic name as entry element Design and specification
710 1# - ADDED ENTRY--CORPORATE NAME
Corporate name or jurisdiction name as entry element Frontline Consultants
9 (RLIN) 5690
710 1# - ADDED ENTRY--CORPORATE NAME
Corporate name or jurisdiction name as entry element Institution of Civil Engineers
9 (RLIN) 1402
856 40 - ELECTRONIC LOCATION AND ACCESS
Uniform Resource Identifier <a href="https://www.hse.gov.uk/research/rrpdf/rr941.pdf">https://www.hse.gov.uk/research/rrpdf/rr941.pdf</a>
Public note View the report free of charge at www.www.hse.gov.uk
942 ## - ADDED ENTRY ELEMENTS (KOHA)
Suppress in OPAC 0
Holdings
Withdrawn status Lost status Source of classification or shelving scheme Damaged status Not for loan Home library Current library Shelving location Date acquired Total Checkouts Full call number Barcode Date last seen Copy number Price effective from Koha item type
    Dewey Decimal Classification     Virtual Virtual Online 16/10/2012   ONLINE PUBLICATION 157312-2001 06/08/2019 1 06/08/2019 Book